000 00511nam a2200169 i 4500
001 101019
003 ES-MaACL
005 20250826063139.0
007 t|
008 051010s1930 fr ||||1| fre d
100 1 _aMaurain, Jean
_979227
245 1 3 _aLa politique ecclésiastique du second Empire de 1852 a 1869 /
_cpar Jean Maurain.
260 _aParis :
_bFélix Alcan,
_c1930.
300 _aLI, 989 p., 1 map. pleg. ;
_c26 cm.
852 _aES-MaACL
_jA-96
_bR.9357
999 _c101019
_d101019